[Event "EU-ch U12 25th"]
[Site "Porec"]
[Date "2015.09.25"]
[Round "5"]
[White "Koellner, Ruben Gideon"]
[Black "Zhanazarov, Iskander"]
[Result "0-1"]
[WhiteElo "1911"]
[BlackElo "1708"]
[PlyCount "64"]
[EventDate "2015.09.21"]
[EventType "swiss"]
[EventRounds "9"]
[EventCountry "CRO"]
[SourceTitle "EXT 2016"]
[Source "ChessBase"]
[SourceDate "2015.10.08"]
[SourceVersion "1"]
[SourceVersionDate "2015.10.08"]
[SourceQuality "1"]

1. d4 f5 2. Nf3 Nf6 3. Nc3 e6 4. Bg5 d5 5. e3 Bd6 6. Ne5 0-0 7. f4 c5 8. g4 cxd4 9. exd4 Qb6 10. Bxf6 Rxf6 11. Nb5 Be7 12. gxf5 Rxf5 13. Qg4 a6 14. Rg1 Bf8 15. Bd3 axb5 16. Bxf5 exf5 17. Qh5 Qe6 18. Kd2 Nc6 19. Rae1 Nxe5 20. Rxe5 Qb6 21. c3 Rxa2 22. Qe8 Qc6 23. Kc2 Bd7 24. Qd8 b4 25. Kb1 Ra6 26. Re7 g6 27. Rxd7 Qc4 28. Kc2 Ra2 29. Qe8 Qxc3+ 30. Kd1 Qxd4+ 31. Ke2 Rxb2+ 32. Kf3 Qf2# 0-1

[Event "EU-ch U12 25th"]
[Site "Porec"]
[Date "2015.09.22"]
[Round "2"]
[White "Marko, Pirro"]
[Black "Zhanazarov, Iskander"]
[Result "0-1"]
[WhiteElo "1396"]
[BlackElo "1708"]
[PlyCount "140"]
[EventDate "2015.09.21"]
[EventType "swiss"]
[EventRounds "9"]
[EventCountry "CRO"]
[SourceTitle "EXT 2016"]
[Source "ChessBase"]
[SourceDate "2015.10.08"]
[SourceVersion "1"]
[SourceVersionDate "2015.10.08"]
[SourceQuality "1"]

1. e4 e5 2. Nf3 Nc6 3. Bb5 a6 4. Ba4 Nf6 5. 0-0 Be7 6. d3 b5 7. Bb3 d6 8. c3 0-0 9. Re1 Na5 10. Bc2 c5 11. Nbd2 Nc6 12. Nf1 Qc7 13. Bg5 Bd7 14. Ng3 h6 15. Bxf6 Bxf6 16. h3 g6 17. Nh2 Rad8 18. Rf1 Be6 19. f4 exf4 20. Rxf4 Be5 21. Rf3 d5 22. Qe1 d4 23. Rb1 dxc3 24. bxc3 Qa5 25. Ne2 b4 26. cxb4 cxb4 27. Bb3 Bxb3 28. axb3 Qb5 29. Qd2 Kh7 30. Ng4 Bg7 31. Ne3 Qxd3 32. Qxd3 Rxd3 33. Kf2 Nd4 34. Nxd4 Bxd4 35. Ke2 Rxe3+ 36. Rxe3 Bxe3 37. Kxe3 Rc8 38. Rd1 Kg7 39. Rd4 a5 40. Rd5 Rc3+ 41. Rd3 Rc6 42. Rd1 Kf6 43. h4 Ke5 44. Rd5+ Ke6 45. Rd1 Ra6 46. Ra1 Rc6 47. Rd1 Rc2 48. Rd2 Rc1 49. Kd4 Rc3 50. Rd3 Rc2 51. g3 h5 52. Ke3 Rc5 53. Rd4 Rc1 54. Rd3 Ra1 55. Kf4 a4 56. bxa4 Rxa4 57. Rb3 f6 58. Rb2 Kf7 59. Rb3 Ke6 60. Rb2 Kd6 61. Rb3 Kc5 62. e5 fxe5+ 63. Kxe5 Kc4 64. Rb1 b3 65. Kf6 Ra6+ 66. Kg5 Kc3 67. Rf1 b2 68. Rf3+ Kc2 69. Rf2+ Kb3 70. Rf3+ Ka2 0-1

[Event "Gelendzhik op"]
[Site "Gelendzhik"]
[Date "2015.01.10"]
[Round "7"]
[White "Zhanazarov, Iskander"]
[Black "Shemeakin, Alexander"]
[Result "0-1"]
[WhiteElo "1682"]
[BlackElo "2266"]
[PlyCount "140"]
[EventDate "2015.01.04"]
[EventType "swiss"]
[EventRounds "9"]
[EventCountry "RUS"]
[SourceTitle "CBM 164 Extra"]
[Source "ChessBase"]
[SourceDate "2015.03.02"]
[SourceVersion "1"]
[SourceVersionDate "2015.03.02"]
[SourceQuality "1"]

1. e4 e6 2. d4 d5 3. e5 c5 4. c3 Nc6 5. Nf3 Qb6 6. a3 Bd7 7. b4 cxd4 8. cxd4 Rc8 9. Be3 Nh6 10. Bd3 Ng4 11. 0-0 Nxe3 12. fxe3 Be7 13. Nbd2 Nb8 14. Qe2 Ba4 15. Ra2 0-0 16. Rb2 Rc3 17. Nb1 Rc7 18. g3 Nd7 19. Qd2 Bb5 20. Nc3 Bxd3 21. Qxd3 Rfc8 22. Ne2 Qa6 23. Qd2 Nb6 24. Qd1 Qxa3 25. Rb3 Qa2 26. Qd3 Qc2 27. Ne1 Qxd3 28. Nxd3 Nc4 29. Ra1 b6 30. Kf2 g5 31. Ra2 f6 32. Kf3 Rf8 33. Kg2 Nxe3+ 34. Kf2 Ng4+ 35. Kg1 fxe5 36. Nxe5 Nxe5 37. dxe5 Rf5 38. Nd4 Rxe5 39. Nb5 Rc4 40. Rab2 a6 41. Nc3 d4 42. Ne2 b5 43. Kf2 Rf5+ 44. Ke1 e5 45. g4 Rf6 46. Kd2 e4 47. Ke1 Rf3 48. Rxf3 exf3 49. Ng1 Rxb4 50. Rd2 Rb3 51. Kf2 Bb4 52. Ra2 Ra3 53. Rc2 Bc3 54. Nxf3 b4 55. Ke2 b3 56. Rc1 b2 57. Rb1 Ra1 58. Nd2 a5 59. Kd3 a4 60. Kc2 a3 61. Nb3 d3+ 62. Kxc3 Rxb1 63. Kxd3 Rd1+ 64. Kc2 b1Q+ 65. Kc3 Rd3+ 66. Kb4 Qxb3+ 67. Kc5 Rd5+ 68. Kc6 Qb5+ 69. Kc7 Rd7+ 70. Kc8 Qb7# 0-1

[Event "Nezhmetdinov Memorial 36th"]
[Site "Kazan"]
[Date "2014.06.08"]
[Round "9"]
[White "Faizrakhmanov, Ildar"]
[Black "Zhanazarov, Iskander"]
[Result "1/2-1/2"]
[WhiteElo "1721"]
[BlackElo "1764"]
[PlyCount "112"]
[EventDate "2014.05.31"]
[EventType "swiss"]
[EventRounds "9"]
[EventCountry "RUS"]
[SourceTitle "CBM 160 Extra"]
[Source "ChessBase"]
[SourceDate "2014.07.01"]
[SourceVersion "1"]
[SourceVersionDate "2014.07.01"]
[SourceQuality "1"]

1. e4 e5 2. Nf3 Nc6 3. Bb5 a6 4. Ba4 Nf6 5. 0-0 Be7 6. Re1 b5 7. Bb3 0-0 8. c3 d6 9. h3 Na5 10. Bc2 c5 11. d4 Qc7 12. Bg5 cxd4 13. cxd4 Nc4 14. b3 Nb6 15. Nbd2 Ne8 16. Bxe7 Qxe7 17. Nf1 Bb7 18. Rc1 g6 19. Ng3 h6 20. Qd2 Kh7 21. Qe3 Nd7 22. b4 Ng7 23. a3 Rac8 24. Bd3 f6 25. d5 Rxc1 26. Rxc1 Rc8 27. Rxc8 Bxc8 28. Qa7 Qd8 29. Qe3 Qb6 30. Qc1 Bb7 31. a4 bxa4 32. Qa3 Nb8 33. Qxa4 Bc8 34. Nd2 Bd7 35. Qb3 Bb5 36. Nc4 Qc7 37. Ne2 f5 38. Ng3 fxe4 39. Nxe4 Nf5 40. Kh2 Kg7 41. Ned2 Nd4 42. Qb2 Nd7 43. Bf1 Nf6 44. Ne3 Bxf1 45. Ndxf1 Qb7 46. Qa2 Nb5 47. Qc4 Nc7 48. Qc6 Qxc6 49. dxc6 Nfd5 50. Nxd5 Nxd5 51. Ne3 Nc7 52. Nc4 Nb5 53. Na3 Nc7 54. Nc4 Nb5 55. Na3 Nc7 56. Nc4 Nb5 1/2-1/2